| 000 | 00000nas##2200000za#4500 |
| 001 | 9.501114 |
| 003 | CaOODSP |
| 005 | 20210615082223 |
| 007 | cr ||||||||||| |
| 008 | 150406c2001||||xxc|| m o||||f| |0fre|d |
| 040 | |aCaOODSP|bfre |
| 043 | |an-cn--- |
| 086 | 1 |aCC173-3/2F-PDF |
| 110 | 2 |aCommission canadienne de sûreté nucléaire. |
| 245 | 10|aGuide d'application de la réglementation |h[ressource électronique] |
| 260 | |aOttawa - Ontario : |bCommission canadienne de sûreté nucléaire |c[2001?]--. |
| 310 | |aIrrégulier |
| 775 | 08|tRegulatory guide |w(CaOODSP)9.504702 |
| 776 | 0#|tGuide d'application de la réglementation |w(CaOODSP)9.512865 |